Statistics for Famous People from Yorkshire

Click here to take the quiz!

General Stats

  • This quiz has been taken 302 times
  • The average score is 6 of 10

Answer Stats

ClueTown of BirthPerson% Correct
Tried to blow up the Houses of ParliamentYorkGuy Fawkes
85%
Main presenter on Top GearDoncasterJeremy Clarkson
83%
Actress, played M in James BondYorkDame Judi Dench
79%
Gold Olympic Medallist for Heptathlon, 2012SheffieldJess Ennis
74%
Author of "Jane Eyre"ThorntonCharlotte Brontë
66%
Member of the Monty Python, Around the World in 80 DaysSheffieldMichael Palin
65%
Campaigned against slaveryHullWilliam Wilberforce
59%
Triathlon gold medalistDewsburyAlistair Brownlee
40%
Pop art artist, a Bigger PictureBradfordDavid Hockney
29%
Author of An Inspector CallsBradfordJ. B. Priestley
29%

Score Distribution

Percentile by Number Answered

Percent of People with Each Score

Your Score History

You have not taken this quiz